00473nam a2200181Ia 4500003000400000005001700004008004100021020001800062040000700080041000800087082002200095100002200117245006900139250000600208260005000214300001400264365001300278OSt20230427104651.0210423s2009 xx 000 0 und d a9788171946495 cAL aeng a658.15223b KISR aKISHORE (Ravi M). aFinancial management: comprehensive text book with case studies. a7 aNew DelhibTaxmann Publications Pvt Ltdc2009 ac-28,1294 b540cINR